00541nam a2200205 a 4500001001300000003000900013005001700022008004100039020001000080082001500090100002300105245003000128260005500158300001000213500003500223505001000258650002300268650002100291700002300312nice12345678IN_TiNIC20260116012621.0050524s1990 bana grp 000 0 eng  ac18500a220.3bACH aAchtemeier, Paul J aHarper`s Bible Dictionary aBangalorebTheological Publications in Indiac1990 a1178p aincludes index and biblioraphy2 aIndex aBible-Dictionaries aDictionary-Bible1 aAchtemeier, Paul J